000
00309nam a22001217a 4500
008
160429b xxu||||| |||| 00| 0 eng d
020
_a
9780781721912
020
_a
0781721811
041
_a
eng
080
_a
618.2
245
_a
Medical Surgical nursing:
_c
Suzanne C. Smeltzer; Brenda G. Bare;
942
_2
udc
_c
BK
999
_c
1686
_d
1686